Animated Country Shapes - Statistics

General Stats
  • This quiz has been taken 82 times
    59 since last reset
  • The average score is 13 of 14
Answer Stats
Shape Country % Correct
Brazil
100%
Japan
100%
Greece
98%
Iceland
98%
Norway
96%
Pakistan
92%
Guatemala
88%
Kosovo
88%
Myanmar
88%
Tajikistan
88%
Haiti
86%
Brunei
82%
Gabon
82%
Rwanda
73%
No matching quizzes found
Score Distribution
Percent of People with Each Score
Percentile by Number Answered
Your Score History
You have not taken this quiz since the last reset